1861 1814 1447 1118 1295 1323 1650 1159 1599 1330 1497 1502 1254 1232 1464 1620 1476 1303 1000 1159 1412 1130 1046 1034 1324 1801 1451 1521 1110 1559 1725 1899 1613 1123 1624 1909 1765 1098 1329 1456 1499 1474 1559 1655 1750 1244 1393 1675 1345 1619 1081 1005 1568 1658 1236 1550 1370 1685 1019 1599 1553 1243 1986 1952 1718 1299 1098 1646 1408 1563 1418 1380 1137 1718 1404 1927 1160 1903 1088 1476 1424 1606 1080 1189 1555 1132 1866 1762 1577 1159 1797 1939 1256 1102 1695 1151 1354 1642 1007 BCNSPRNW ULIB Ver.6.0+V

เปลี่ยนเป็นภาษาไทย

Change to English
 แสดงรายละเอียดบรรณานุกรม
  กลับหน้าหลัก

Brief Record : Get Marc (ISO 2709) : E-mail record : QR code < ปิดหน้าต่าง
LEADER : 00000nam 2200000uu 4500
001    13399110978
003     ULIB
008    110614s||||||||th 000 0 tha d
020    9789741374724
050  4 AC158^bด961ว 2551
100 1  กีซอง,โด
245 10 วิทยาศาสตร์ฉลาดรู้ เรื่อง ชีวิตสัตว์ /^cโดกีซอง, เขียน ;วิภาพร พูลสวัสดิ์, แปล
250    พิมพ์ครั้งที่ 5
260    กรุงเทพฯ :^bอัมรินทร์คอมมิกส์,^c2551
300    195 หน้า :^bภาพประกอบ ;^c21 ซม.
650  7 การ์ตูน
650  7 สัตว์^xวรรณกรรมสำหรับเด็ก
650  7 วรรณกรรมเกาหลี
650  7 วรรณกรรมสำหรับเด็ก
700 0  วิภาพร พูลสวัสดิ์,^eผู้แปล
945    ^p199^l0^i024354
995    ทศพร
999 ^a ใช้งานได้ทุกระบบ
รายการนี้ยังไม่มีแท็ก
คุณยังไม่ได้ล็อกอิน คุณสามารถมีกิจกรรมร่วมกับเว็บไซต์ได้ แต่ต้องล็อกอินก่อน ::
  ล็อกอิน

รายการสื่อสารสนเทศ

ลำดับที่ ประเภท เลขเรียก/บาร์โค้ด สถานที่ สถานะ
- ไม่พบข้อมูล -

รายการใกล้เคียง
    ผู้แต่ง [กีซอง,โด]

    หัวเรื่อง [การ์ตูน]
    หัวเรื่อง [วรรณกรรมเกาหลี]
    หัวเรื่อง [วรรณกรรมสำหรับเด็ก]

BibComment


ยังไม่เคยถูกคอมเมนท์

คอมเมนท์ทรัพยากรรายการนี้
  คอมเมนท์: วิทยาศาสตร์ฉลาดรู..


 Copyright 2026. Bcnsprnw @Library